000 00431nam a2200145 4500
001 117514
003 ES-MaACL
005 20230906190924.0
007 t|
008 070214s1908 sp r ||||1| spa d
100 1 _aPeralta, Juan L.
_990374
245 1 0 _aEfectos jurídicos de la ignorancia
_b: tesis doctoral /
_cJuan L. Peralta.
260 _aMálaga :
_b[s.n.],
_c1908 (
_fTip. `La Equitativa`)
852 _aES-MaACL
_jT-1126-F-9
999 _c117514
_d117514